000 00618nam a22002297a 4500
003 UA-OsUOA
001 24853
007 ta
008 20040303b un ||||| |||| 00| 0 ukr d
090 _a342.7
_bП68
942 _cBK
040 _aUA-OsUOA
_brus
_cUA-OsUOA
_dUA-OsUOA
245 _aПрава человека и судопроизводство
_bСобрание международных документов
_cРед. Ф.Куинн
300 _a289 с.
955 _a0
041 _arus
080 _a342.7
260 _aВаршава
_c1992-1993
044 _aRU
650 7 _2UDC
999 _c311139
_d311139